[Event "LTU-chT2 0708"]
[Site "Lithuania"]
[Date "2007.09.30"]
[Round "1.31"]
[White "Vasylius, Kestutis"]
[Black "Jasinskas, Zygimantas"]
[Result "1-0"]
[WhiteElo "2014"]
[BlackElo "2079"]
[PlyCount "53"]
[EventDate "2007.09.27"]
[EventType "team-tourn"]
[EventRounds "9"]
[EventCountry "LTU"]
[SourceTitle "EXT 2022"]
[Source "ChessBase"]
[SourceDate "2021.10.06"]
[SourceVersion "1"]
[SourceVersionDate "2021.10.06"]
[SourceQuality "1"]

1. e4 c5 2. Nf3 d6 3. d4 cxd4 4. Nxd4 Nf6 5. Nc3 a6 6. Bg5 Nbd7 7. f4 e6 8. Qf3 Qc7 9. 0-0-0 b5 10. Bd3 b4 11. Nd5 exd5 12. Rhe1 Bb7 13. e5 Ne4 14. Bxe4 dxe4 15. exd6 Bxd6 16. Nf5 0-0 17. Qg3 Rfc8 18. Re2 Bf8 19. Nxg7 f6 20. Ne6 Qc6 21. Bh6+ Kf7 22. Nxf8 Nxf8 23. Qg7+ Ke6 24. f5+ Kxf5 25. Rf2+ Ke5 26. Bf4+ Ke6 27. Bd6 1-0

[Event "LTU-ch U20"]
[Site "Vilnius"]
[Date "2007.01.31"]
[Round "5"]
[White "Jasinskas, Zygimantas"]
[Black "Macenis, Audrius"]
[Result "0-1"]
[WhiteElo "2097"]
[BlackElo "1907"]
[PlyCount "86"]
[EventDate "2007.01.29"]
[EventType "swiss"]
[EventRounds "9"]
[EventCountry "LTU"]
[SourceTitle "EXT 2010"]
[Source "ChessBase"]
[SourceDate "2010.11.25"]
[SourceVersion "1"]
[SourceVersionDate "2010.11.25"]
[SourceQuality "1"]

1. e4 e6 2. d4 d5 3. Nc3 Nf6 4. e5 Nfd7 5. f4 c5 6. Nf3 Nc6 7. Be3 cxd4 8. Nxd4 Bc5 9. Qd2 a6 10. 0-0-0 Nxd4 11. Bxd4 Bxd4 12. Qxd4 b5 13. h4 Qb6 14. Qd2 b4 15. Ne2 a5 16. Nd4 0-0 17. Bd3 Ba6 18. Qf2 a4 19. Rh3 Rfc8 20. Kb1 Bxd3 21. Rhxd3 Nc5 22. Rg3 Ne4 23. Rxg7+ Kf8 24. Qe3 Nc3+ 25. Kc1 Nxd1 26. Kxd1 Rc4 27. Nxe6+ Qxe6 28. Qg3 Rac8 29. Qg5 Ke8 30. Rxh7 Qg6 31. Rh8+ Kd7 32. Qxg6 fxg6 33. Rxc8 Kxc8 34. g3 Kd7 35. Kd2 Ke6 36. Kd3 Kf5 37. b3 axb3 38. axb3 Rc3+ 39. Kd4 Rxc2 40. Kxd5 Rc3 41. g4+ Kxg4 42. e6 Rxb3 43. Ke4 Rb1 0-1

[Event "LTU-ch U20"]
[Site "Vilnius"]
[Date "2007.01.31"]
[Round "4"]
[White "Tiuninas, Algirdas"]
[Black "Jasinskas, Zygimantas"]
[Result "1/2-1/2"]
[WhiteElo "1993"]
[BlackElo "2097"]
[PlyCount "131"]
[EventDate "2007.01.29"]
[EventType "swiss"]
[EventRounds "9"]
[EventCountry "LTU"]
[SourceTitle "EXT 2010"]
[Source "ChessBase"]
[SourceDate "2010.11.25"]
[SourceVersion "1"]
[SourceVersionDate "2010.11.25"]
[SourceQuality "1"]

1. e4 c5 2. Nc3 a6 3. a4 Nc6 4. g3 g6 5. Bg2 Bg7 6. d3 d6 7. f4 e6 8. Nf3 Nge7 9. 0-0 0-0 10. Be3 Nd4 11. e5 Nef5 12. Bf2 Nxf3+ 13. Qxf3 Nd4 14. Qd1 dxe5 15. fxe5 Bxe5 16. Ne4 f5 17. Nxc5 Qe7 18. b4 Nc6 19. d4 Bf6 20. c3 b6 21. Nd3 Bb7 22. Qb3 Rae8 23. Rfe1 Nd8 24. Bxb7 Qxb7 25. Nf4 Qd7 26. b5 a5 27. Rad1 g5 28. Nd3 Nf7 29. g4 f4 30. Re2 e5 31. h3 e4 32. Ne5 Qb7 33. Rde1 e3 34. Bxe3 fxe3 35. Rxe3 Bxe5 36. Rxe5 Rxe5 37. Rxe5 Kg7 38. Rf5 Qe4 39. Qc4 h5 40. Qc6 Qxc6 41. bxc6 hxg4 42. hxg4 Rc8 43. d5 Kg6 44. Kg2 Re8 45. Rf1 Nd6 46. Rb1 Nc4 47. d6 Nxd6 48. Rxb6 Kf6 49. Ra6 Nc4 50. c7+ Ke7 51. Rc6 Nd6 52. Rc5 Ra8 53. Rxg5 Kd7 54. Rc5 Nb7 55. c8Q+ Rxc8 56. Rxc8 Kxc8 57. g5 Kd7 58. Kf3 Nc5 59. Ke3 Nxa4 60. Kd4 Nb6 61. g6 Ke6 62. Kc5 Kf6 63. Kb5 Kxg6 64. c4 a4 65. Kb4 a3 66. Kxa3 1/2-1/2

[Event "LTU-ch U20"]
[Site "Vilnius"]
[Date "2007.01.30"]
[Round "3"]
[White "Jasinskas, Zygimantas"]
[Black "Labeckas, Kestutis"]
[Result "1/2-1/2"]
[WhiteElo "2097"]
[BlackElo "2221"]
[PlyCount "120"]
[EventDate "2007.01.29"]
[EventType "swiss"]
[EventRounds "9"]
[EventCountry "LTU"]
[SourceTitle "EXT 2010"]
[Source "ChessBase"]
[SourceDate "2010.11.25"]
[SourceVersion "1"]
[SourceVersionDate "2010.11.25"]
[SourceQuality "1"]

1. e4 e6 2. d4 d5 3. Nc3 Nf6 4. e5 Nfd7 5. f4 c5 6. Nf3 Nc6 7. Be3 cxd4 8. Nxd4 Bc5 9. Qd2 a6 10. 0-0-0 Nxd4 11. Bxd4 b5 12. h4 0-0 13. h5 b4 14. Ne2 a5 15. Qe3 Qc7 16. Bxc5 Nxc5 17. Nd4 Ba6 18. f5 Ne4 19. fxe6 Qxe5 20. exf7+ Rxf7 21. Nf3 Qe6 22. Bxa6 Rxa6 23. Ng5 Nxg5 24. Qxg5 Rd6 25. Rhe1 Qh6 26. Qxh6 gxh6 27. Re5 Rfd7 28. Rf5 Rd8 29. Rd4 R6d7 30. g3 Rd6 31. Kd2 R6d7 32. a3 bxa3 33. bxa3 Rd6 34. Kd3 R6d7 35. Rf6 Rc7 36. Rxh6 Rdc8 37. Rxd5 Rc3+ 38. Kd4 Rxa3 39. Rg5+ Kh8 40. Rd6 Ra1 41. Rgd5 Rd1+ 42. Ke5 Rxd5+ 43. Rxd5 Rxc2 44. Rxa5 Rf2 45. Ke6 Kg7 46. g4 Re2+ 47. Kf5 Rf2+ 48. Ke5 h6 49. Ra7+ Kg8 50. Ra6 Kg7 51. Ra7+ Kg8 52. Ra4 Kg7 53. Rf4 Rxf4 54. Kxf4 Kf6 55. Ke4 Ke6 56. Kd4 Kd6 57. Ke3 Ke7 58. Kf2 Kf6 59. Ke3 Ke7 60. Kd4 Kf6 1/2-1/2

[Event "Krakow op-A"]
[Site "Krakow"]
[Date "2006.01.04"]
[Round "9"]
[White "Jasinskas, Zygimantas"]
[Black "Kuziola, Mateusz"]
[Result "1/2-1/2"]
[WhiteElo "2100"]
[BlackElo "2274"]
[PlyCount "90"]
[EventDate "2005.12.27"]
[EventType "swiss"]
[EventRounds "9"]
[EventCountry "POL"]
[SourceTitle "CBM 110 Extra"]
[Source "ChessBase"]
[SourceDate "2006.03.10"]
[SourceVersion "2"]
[SourceVersionDate "2006.03.10"]
[SourceQuality "1"]

1. e4 c5 2. Nf3 Nc6 3. d4 cxd4 4. Nxd4 Nf6 5. Nc3 e5 6. Ndb5 d6 7. Nd5 Nxd5 8. exd5 Nb8 9. c4 a6 10. Nc3 Be7 11. Bd3 0-0 12. 0-0 f5 13. f3 Nd7 14. Be3 Bg5 15. Bf2 e4 16. fxe4 f4 17. Bd4 Bf6 18. Be2 Bxd4+ 19. Qxd4 Qg5 20. Bf3 Rf6 21. e5 Qxe5 22. Qxe5 Nxe5 23. Ne4 Rg6 24. Bh5 Rh6 25. Be2 f3 26. gxf3 Bh3 27. Rf2 Rf8 28. f4 Ng6 29. f5 Nh4 30. Ng3 Nxf5 31. Bf1 Nxg3 32. Rxf8+ Kxf8 33. hxg3 Bf5 34. Re1 Rg6 35. Re3 h5 36. Kh2 Bg4 37. Bh3 Bxh3 38. Kxh3 Rg4 39. Rb3 Rxc4 40. Rxb7 Rc5 41. Rb6 a5 42. Rxd6 Ke7 43. Re6+ Kf7 44. Rd6 Ke7 45. Rg6 Kf7 1/2-1/2